| 000 | 00554nam a2200205Ia 4500 | ||
|---|---|---|---|
| 008 | 140306s9999 xx 000 0 und d | ||
| 020 | _a590689517 | ||
| 050 |
_aPZ 7 _b.Se45513Ol 1998 |
||
| 100 | _aJ. Otto Seibold | ||
| 245 |
_aOlive, the other reindeer / _cJ. Otto Seibold |
||
| 260 |
_aNew York :` _bScholastic Inc., _cc1998. |
||
| 300 |
_bcol. Ill. ; _c22 cm. |
||
| 521 | _aG3 | ||
| 526 | _c540 | ||
| 650 |
_aDogs _xFiction. |
||
| 650 |
_aReindeer _xFiction. |
||
| 650 |
_aToy and movable books _xSpecimens. |
||
| 942 | _cBK | ||
| 999 |
_c42840 _d42840 |
||